[Event "Let's Play Chess!"]
[Site "http://www.queenalice.com/game.php?id=865260"]
[Date "2010.11.29"]
[Round "-"]
[White "Netuno"]
[Black "dreamspeaker"]
[Result "1-0"]
[WhiteElo "1556"]
[BlackElo "1329"]

1. e4 e5 2. Nf3 d6 3. d4 Bg4 4. dxe5 dxe5 5. Qxd8+ Kxd8 6. Nxe5 Be6 7. Nc3 Nc6
8. Nxc6+ bxc6 9. b3 Nf6 10. Bg5 h6 11. Bxf6+ gxf6 12. O-O-O+ Kc8 13. Ba6+ Kb8
14. Rd8+ 1-0

[Event "AUTO-BEG-443"]
[Site "http://www.queenalice.com/game.php?id=867000"]
[Date "2010.12.3"]
[Round "1"]
[White "Bricky"]
[Black "dreamspeaker"]
[Result "1-0"]
[WhiteElo "1300"]
[BlackElo "1263"]

1. e4 c5 2. Nf3 Nf6 3. e5 Ne4 4. d3 Qa5+ 5. c3 e6 6. dxe4 Nc6 7. Bf4 Be7 8. Bd3
O-O 9. O-O h6 10. Nbd2 g5 11. Be3 d5 12. exd5 exd5 13. Bb1 Qb5 14. Qc2 Qc4 15.
Qh7# 1-0

[Event "AUTO-BEG-443"]
[Site "http://www.queenalice.com/game.php?id=867001"]
[Date "2010.12.3"]
[Round "1"]
[White "dreamspeaker"]
[Black "Bricky"]
[Result "0-1"]
[WhiteElo "1263"]
[BlackElo "1391"]

1. d4 d5 2. f4 e6 3. e3 Nf6 4. Bb5+ c6 5. Bd3 Be7 6. Ne2 c5 7. Bb5+ Bd7 8. Bxd7+
Qxd7 9. O-O O-O 10. c4 Nc6 11. Rf3 dxc4 12. Rg3 g6 13. Nbc3 a6 14. b3 cxb3 15.
axb3 Nd5 16. Nxd5 Qxd5 17. Nc3 Qd7 18. Qf3 cxd4 19. Ne4 f5 20. Ng5 Bxg5 21. Rxg5
Qd5 22. Qxd5 exd5 23. Ba3 Rfe8 24. exd4 Nxd4 25. Rg3 Ne2+ 26. Kf2 Nxg3 27. Kxg3
Re3+ 28. Kf2 Rxb3 29. h4 Rc8 30. Bc1 d4 31. Ke2 Rc2+ 32. Kd1 Rxg2 33. Ra3 Rxa3
34. Bxa3 Rg4 35. Bc5 Rxf4 0-1

[Event "AUTO-BEG-443"]
[Site "http://www.queenalice.com/game.php?id=867016"]
[Date "2010.12.3"]
[Round "1"]
[White "marta3r"]
[Black "dreamspeaker"]
[Result "1-0"]
[WhiteElo "1573"]
[BlackElo "1296"]

1. d4 d5 2. c4 e5 3. dxe5 dxc4 4. Qa4+ Qd7 5. Qxc4 Qc6 6. Nd2 Qxc4 7. Nxc4 Bb4+
8. Bd2 Ne7 9. Bxb4 Nd5 10. Ba3 h5 11. Nf3 Nc6 12. e4 Nf4 13. g3 Ng6 14. Bg2 Be6
15. Ncd2 1-0

[Event "AUTO-BEG-443"]
[Site "http://www.queenalice.com/game.php?id=867017"]
[Date "2010.12.3"]
[Round "1"]
[White "dreamspeaker"]
[Black "marta3r"]
[Result "0-1"]
[WhiteElo "1296"]
[BlackElo "1581"]

1. e4 e5 2. Nf3 Nc6 3. c3 Nf6 4. d4 exd4 5. cxd4 Nxe4 6. d5 Ne7 7. Bc4 d6 8. O-O
g6 9. Nc3 Nxc3 10. bxc3 Bg7 11. Qd2 Bg4 12. Ng5 a6 13. g3 Bh6 14. Re1 O-O 0-1

[Event "AUTO-BEG-444"]
[Site "http://www.queenalice.com/game.php?id=869747"]
[Date "2010.12.9"]
[Round "1"]
[White "dreamspeaker"]
[Black "Sportolna"]
[Result "0-1"]
[WhiteElo "1257"]
[BlackElo "1422"]

1. f4 d5 2. d4 Bf5 3. Nc3 Na6 4. e3 Nb4 5. Bb5+ c6 6. Nxd5 Nxc2+ 7. Kd2 Nxa1 8.
h4 cxb5 9. b3 Qxd5 10. Bb2 Qxg2+ 0-1

[Event "AUTO-BEG-445"]
[Site "http://www.queenalice.com/game.php?id=871959"]
[Date "2010.12.14"]
[Round "1"]
[White "dreamspeaker"]
[Black "Ralfostarr"]
[Result "0-1"]
[WhiteElo "1329"]
[BlackElo "1255"]

1. e4 e5 2. Nf3 d6 3. Bb5+ c6 4. Ba4 b5 5. Bb3 Bg4 6. O-O Bxf3 7. gxf3 g5 8. c4
Nh6 9. Nc3 f5 10. f4 gxf4 11. exf5 Nxf5 12. Qg4 Nh6 13. Kh1 Nxg4 14. h3 Qh4 15.
Rg1 Qxh3# 0-1

[Event "AUTO-BEG-445"]
[Site "http://www.queenalice.com/game.php?id=871961"]
[Date "2010.12.14"]
[Round "1"]
[White "dreamspeaker"]
[Black "prosanes"]
[Result "1-0"]
[WhiteElo "1208"]
[BlackElo "1115"]

1. e4 e5 2. Nf3 d6 3. Bb5+ Bd7 4. Bxd7+ Qxd7 5. O-O Nc6 6. b3 O-O-O 7. c4 Nd4 8.
Nxd4 exd4 9. Re1 b5 10. cxb5 Qxb5 11. a4 Qe5 12. Qg4+ Qe6 13. Qxe6+ fxe6 14. a5
a6 15. Ra4 Be7 16. b4 Nh6 17. g3 Ng4 18. f3 Ne5 19. f4 Nd3 20. Rd1 1-0

[Event "AUTO-BEG-445"]
[Site "http://www.queenalice.com/game.php?id=871962"]
[Date "2010.12.14"]
[Round "1"]
[White "prosanes"]
[Black "dreamspeaker"]
[Result "1-0"]
[WhiteElo "1106"]
[BlackElo "1329"]

1. e4 e5 2. Bc4 Bb4 3. Qf3 Nf6 4. Ne2 O-O 5. O-O d6 6. c3 Ba5 7. b4 Bb6 8. h3
Nc6 9. a4 Re8 10. a5 Bxf2+ 11. Qxf2 Nxe4 12. Qxf7+ Kh8 13. Qf3 Qf6 14. Qxe4 Qg6
15. Qf3 e4 16. Qf8+ Rxf8 17. Rxf8# 1-0

[Event "AUTO-BEG-447"]
[Site "http://www.queenalice.com/game.php?id=874670"]
[Date "2010.12.21"]
[Round "1"]
[White "deepblueII"]
[Black "dreamspeaker"]
[Result "1-0"]
[WhiteElo "1530"]
[BlackElo "1310"]

1. e4 e5 2. Nf3 Nc6 3. g3 Nd4 4. Nxd4 exd4 5. d3 Qf6 6. Bg2 c5 7. c4 g5 8. O-O
Nh6 9. Bd2 g4 10. Bxh6 Bxh6 11. e5 Qxe5 12. Re1 1-0

[Event "AUTO-BEG-447"]
[Site "http://www.queenalice.com/game.php?id=874671"]
[Date "2010.12.21"]
[Round "1"]
[White "dreamspeaker"]
[Black "deepblueII"]
[Result "0-1"]
[WhiteElo "1303"]
[BlackElo "1537"]

1. e4 e5 2. Nf3 Nc6 3. Bb5 a6 4. Bc4 b5 5. Bb3 Nf6 6. O-O Nxe4 7. Nc3 Nxc3 8.
bxc3 Be7 9. Re1 O-O 10. d3 Bf6 11. d4 exd4 0-1